Score 0/27 Timer 06:00
3 Plays Today
% Correct
In a snowbank.
96.7%
The baa-baa shop.
96.6%
An impasta.
96.6%
Because the doctor couldn't see him right now.
96.6%
Because people are dying to get in.
96.4%
Sorry, I'm a little hoarse.
96.3%
Because then it would be a foot.
96.3%
Because he was hitting the books.
96%
A garbage truck.
95.9%
A sports match.
95.9%
You planet.
95.9%
Close the door I am dressing!
95.8%
It gets jalapeño business!
95.6%
Because someone called swat.
95.6%
% Correct
Slippers
95.5%
Dam!
95.4%
I will bet you on it!
95.4%
He didn't take out the candles.
95.2%
Because there were so many knights.
95.1%
You add 24 carrots.
95.1%
Because he felt funny.
94.9%
Fruit of the BOOM.
94.8%
He is always a little short.
94.7%
You cantaloupe!
94.6%
In case he got a hole in one.
94%
Decalfinated.
93.9%
No, but a tin can.
93.9%
Remove Ads.
Support Sporcle.
Get the best of Sporcle when you Go Orange. This ad-free experience offers more features, more stats, and more fun while also helping to support Sporcle. Thank you for becoming a member.

You're not logged in!

Compare scores with friends on all Sporcle quizzes.
OR
Log In

Show Comments

Extras

Top Quizzes Today


Score Distribution

Your Account Isn't Verified!

In order to create a playlist on Sporcle, you need to verify the email address you used during registration. Go to your Sporcle Settings to finish the process.

Report this User

Report this user for behavior that violates our Community Guidelines.

Details: